LEADER 01151nam a2200289 i 4500 001 991002177199707536 005 20020507161009.0 008 000516s1986 it ||| | ita 035 $ab11619788-39ule_inst 035 $aLE02731809$9ExL 040 $aDip.to Studi Giuridici$bita 082 0 $a340.109 100 1 $aMarino, Giovanni$0112646 245 10$aPositivismo e giurisprudenza :$bBiagio Brugi alla congiunzione di scuola storica e filosofia positiva /$cGiovanni Marino 260 $aNapoli :$bEdizioni scientifiche italiane,$c1986 300 $a263 p. ;$c24 cm. 490 0 $aPubblicazioni dell'Università degli studi di Salerno. Sezione studi giuridici ;$v8 650 4$aBrugi, Biagio 650 4$aDiritto$xFilosofia 650 4$aFilosofia del diritto$xStudi italiani$y1880-1930 650 4$aPositivismo 907 $a.b11619788$b01-03-17$c02-07-02 912 $a991002177199707536 945 $aLE027 340.10 MAR05.02$g1$i2027000174676$lle027$o-$pE0.00$q-$rl$s- $t0$u0$v0$w0$x0$y.i11836635$z02-07-02 996 $aPositivismo e giurisprudenza$9575668 997 $aUNISALENTO 998 $ale027$b01-01-00$cm$da $e-$fita$git $h0$i1 LEADER 02625 am 2200625 n 450 001 9910324028303321 005 20190108 010 $a2-8028-0304-2 024 7 $a10.4000/books.pusl.8733 035 $a(CKB)4100000008283980 035 $a(FrMaCLE)OB-pusl-8733 035 $a(oapen)https://directory.doabooks.org/handle/20.500.12854/53285 035 $a(PPN)23671046X 035 $a(EXLCZ)994100000008283980 100 $a20190528j|||||||| ||| 0 101 0 $afre 135 $auu||||||m|||| 181 $ctxt$2rdacontent 182 $cc$2rdamedia 183 $acr$2rdacarrier 200 13$aLa métaphore $eApproche pluridisciplinaire /$fRené Jongen 210 $aBruxelles $cPresses de l?Université Saint-Louis$d2019 215 $a1 online resource (189 p.) 311 $a2-8028-0015-9 330 $aLa métaphore est un des lieux privilégiés où se déploie la réflexion contemporaine sur les modalités de production et de structuration du sens. Fondamentalement, il s'agit d'un processus de signification par transfert, où des univers réputés irréductibles se trouvent fusionnés par le biais de l'analogie. Plus profondément, l'on doit s'interroger sur le caractère spécifique de la métaphore, c'est-à-dire sur les mécanismes fondamentaux de son fonctionnement. Cette tâche implique un effort de description et d'évaluation du processus métaphorique dans les langages les plus divers. C'est à cette double entreprise que contribue le présent ouvrage. On y trouvera l'exposé de cinq approches différentes, s'alimentant chacune aux interrogations les plus récentes dans les disciplines suivantes : philosophie, épistémologie, psychanalyse, linguistique et sémiotique du langage pictural. 606 $aPhilosophy 606 $aLinguistics 606 $amétaphore 606 $atransfert 606 $aanalogie 606 $alangage 606 $alinguistique 610 $alangage 610 $atransfert 610 $aanalogie 610 $amétaphore 610 $alinguistique 615 4$aPhilosophy 615 4$aLinguistics 615 4$amétaphore 615 4$atransfert 615 4$aanalogie 615 4$alangage 615 4$alinguistique 700 $aCélis$b Raphaël$0737219 701 $aDe Keyser$b Eugénie$01281545 701 $aJongen$b René-Marie$0409237 701 $aMarchal$b Pierre$0727907 701 $aPirard$b Regnier$01281550 701 $aJongen$b René$0409237 801 0$bFR-FrMaCLE 906 $aBOOK 912 $a9910324028303321 996 $aLa métaphore$93031863 997 $aUNINA